• 首页
  • 本馆介绍
  • 公告通知
  • 最新文献
  • 馆藏检索
  • 电子资源
  • 读者导购
  • 参考咨询
  • 我的图书馆
  • 登录
  • 详细信息显示
  • 放入我的书架
  • 预约/预借图书
  • 作者相关作品
  • 分类相关作品
  • 丛书相关作品
  • 出版社相关作品

书目信息

  • 表格格式
  • 工作单格式
  • 卡片格式
题名:
成像过程的机理和应用
    
 
作者: 雅各布森 , 雅各布森 著 ;石俊英 译
分册:  
出版信息: 北京   化学工业出版社  1983
页数: 290页
开本: 19cm
丛书名:
单 册:
中图分类: TQ57
科图分类:
主题词: 感光材料--化学工业
电子资源:
ISBN:
000 00798nam0 2200253 45
001 0183005021
005 20060519095726.09
010    @dCNY1.20
091    @a15063.3432
100    @a19950720d1983 em y0chiy0121 ea
101 1  @achi@ceng
102    @aCN@b110000
105    @ay z 000yy
200 10 @a成像过程的机理和应用@Acheng xiang guo cheng de ji li he ying yong@f(英)K·I·雅各布森,R·E·雅各布森著@F(ying)K·I·ya ge bu sen,R·E·ya ge bu sen zhu@g石俊英等译
210    @a北京@c化学工业出版社@d1983
215    @a290页@d19cm
606 0  @a感光材料@x化学工业
690    @aTQ57
701  0 @a雅各布森@Aya ge bu sen@4著
701  0 @a雅各布森@Aya ge bu sen@4著
702  0 @a石俊英@Ashi jun ying@4译
801  0 @aCN@b上海图书馆@c20060519
801  2 @aCN@bNLC@c20060104
905    @dTQ57@e6
    
    成像过程的机理和应用/(英)K·I·雅各布森,R·E·雅各布森著/石俊英等译.-北京:化学工业出版社,1983
    290页;19cm
    
    
    ISBN :CNY1.20
    
●
相关链接 在E读中查询图书 在五车中查询图书 在当当中查询图书 在豆瓣中查询图书


正题名:成像过程的机理和应用     索取号:TQ57/6         预约/预借

序号 登录号 条形码 馆藏地/架位号 状态 备注
1 0149157   001477565   第二样本阅览室/ [索取号:TQ57/6] 在馆    
2 0149158   202184821   密集书库/ [索取号:TQ57/6] 在馆    
3 0149159   202361540   密集书库/ [索取号:TQ57/6] 在馆    
唐山师范学院图书馆 欢迎您!
大连网信软件有限公司© 版权所有